Ganancias y Rentas urbanas. Elementos Teóricos

Guardat en:
Dades bibliogràfiques
Autor principal: Topalov, Christian
Format: Text
Publicat: Madrid: Siglo XIX
Etiquetes: Afegir etiqueta
Sense etiquetes, Sigues el primer a etiquetar aquest registre!

MARC

LEADER 00000 a a2200000 04500
001 25224
003
040
020 |a 84-323-0494-8  
090 |a 182400  
100 |a Topalov, Christian  
245 |a Ganancias y Rentas urbanas. Elementos Teóricos  
260 |a Madrid:   |b Siglo XIX  
300 |a 274 p.  
999 |c 13783  |d 13783